| Поле | Инд. | ПП | Название | Значение |
|---|---|---|---|---|
| Тип записи | a | |||
| Библиографический уровень | m | |||
| 001 | Контрольный номер | 6390ee54-551a-4184-aa0e-045a694f138c | ||
| 005 | Дата корректировки | 20140703135656.3 | ||
| 008 | Кодируемые данные | 050228 | ||
| 020 | a | ISBN | 5-93972-300-4 | |
| c | Цена, тираж | 84.00 | ||
| 040 | a | Служба первич. каталог. | НБ ТвГУ | |
| 041 | a | Код языка текста | rus | |
| 080 | a | Индекс УДК | 514 | |
| 084 | a | Индекс другой классификации/Индекс ББК | В151 | |
| 090 | x | Авторский знак | Б91 | |
| a | Полочн. индекс | В151 | ||
| 100 | 1_ | a | Автор | Бураго Дмитрий Юрьевич |
| 245 | 10 | a | Заглавие | Курс метрической геометрии |
| c | Ответственность | Д. Ю. Бураго, Ю. Д. Бураго, С. В. Иванов | ||
| 260 | 0_ | a | Место издания | Москва |
| a | Место издания | Ижевск | ||
| b | Издательство | Ин-т компьютерных исследований | ||
| c | Дата издания | 2004 | ||
| 300 | a | Объем | 496 c. | |
| b | Иллюстрации/ тип воспроизводства | ил. | ||
| c | Размеры | 21 см. | ||
| 440 | a | Серия | Современная математика | |
| 500 | a | Примечание | Парал. тит. л. на англ. яз. | |
| 504 | a | Библиография | Библиогр.:с.485-488. | |
| 583 | a | Действие | Получение впервые 52 28.02.2005 | |
| k | Исполнитель действия | Дар РГГУ | ||
| 650 | a | Основная рубрика | Пространства метрические | |
| x | Основная подрубрика | Геометрия | ||
| 653 | a | Ключевые слова | Пространства (мат.) | |
| a | Ключевые слова | Метрические пространства | ||
| a | Ключевые слова | Метрическая геометрия | ||
| a | Ключевые слова | Геометрия | ||
| 700 | 1_ | a | Другие авторы | Бураго Юрий Дмитриевич |
| e | Роль лиц | авт. | ||
| 700 | 1_ | a | Другие авторы | Иванов Сергей Владимирович |
| e | Роль лиц | авт. | ||
| 852 | t | Порядковый номер экземпляра | 1 | |
| p | Инвентарный номер | 802159 | ||
| 863 | t | 00076372 | ||
| 888 | a | бесплатно | ||
| 952 | p | 52.2005 84.00 1 802159 | ||
| c | Вид литературы | К рн | ||
| 954 | a | Дата поступления на обработку | 20050928 | |
| 999 | a | Подразделение 2 | Фил3 |